[Event "European Women-ch 2023"]
[Site "Petrovac"]
[Date "2023.03.22"]
[Round "5.8"]
[White "Maione, Melissa"]
[Black "Shpanko, Nadiia"]
[Result "0-1"]
[WhiteElo "2028"]
[BlackElo "2164"]
[Annotator "TA"]
[PlyCount "84"]
[EventDate "2023.03.15"]
[EventType "swiss"]
[EventCountry "MNE"]
[SourceTitle "playchess.com"]
[Source "ChessBase"]
[SourceQuality "1"]

1. e4 c6 2. d4 d5 3. e5 c5 4. Nf3 cxd4 5. Nxd4 e6 6. Bd3 Nc6 7. Nxc6 bxc6 8. O-O Qb6 9. Qe2 Ne7 10. b3 Ng6 11. Re1 a5 12. Nc3 Bb4 13. Bd2 Qd4 14. Bxg6 hxg6 15. Qe3 Qxe3 16. fxe3 Rh5 17. a3 Be7 18. Na4 Bd8 19. Bc3 Bc7 20. e4 Ba6 21. exd5 cxd5 22. Nc5 Bb6 23. Bd4 Bxc5 24. Bxc5 Rc8 25. b4 Kd7 26. c3 a4 27. Bd4 Rch8 28. h3 Rg5 29. Re3 Rf5 30. Rae1 Kc6 31. Bc5 g5 32. Rg3 Kd7 33. Rge3 Bb5 34. Bd4 Rh6 35. g4 Rf4 36. Kg2 Rh8 37. Kg3 Bf1 38. Kh2 f5 39. exf6 gxf6 40. Kg1 Bxh3 41. Rxe6 Rxg4+ 42. Kf2 Rf4+ 0-1

[Event "European Women-ch 2023"]
[Site "Petrovac"]
[Date "2023.03.22"]
[Round "5.9"]
[White "Gaponenko, Inna"]
[Black "Javakhishvili, Lela"]
[Result "1/2-1/2"]
[WhiteElo "2349"]
[BlackElo "2443"]
[Annotator "TA"]
[PlyCount "30"]
[EventDate "2023.03.15"]
[EventType "swiss"]
[EventCountry "MNE"]
[SourceTitle "playchess.com"]
[Source "ChessBase"]
[SourceQuality "1"]

1. e4 e5 2. Nf3 Nc6 3. Nc3 Nf6 4. d4 exd4 5. Nxd4 Bb4 6. Nxc6 bxc6 7. Bd3 d5 8. Bd2 Bxc3 9. Bxc3 dxe4 10. Bxf6 Qxf6 11. Qe2 O-O 12. Qxe4 g6 13. O-O Qxb2 14. Qxc6 Qb7 15. Qxb7 Bxb7 1/2-1/2

[Event "European Women-ch 2023"]
[Site "Petrovac"]
[Date "2023.03.22"]
[Round "5.9"]
[White "Jarocka, Liwia"]
[Black "Tsolakidou, Stavroula"]
[Result "1/2-1/2"]
[WhiteElo "2181"]
[BlackElo "2358"]
[Annotator "TA"]
[PlyCount "60"]
[EventDate "2023.03.15"]
[EventType "swiss"]
[EventCountry "MNE"]
[SourceTitle "playchess.com"]
[Source "ChessBase"]
[SourceQuality "1"]

1. e4 e5 2. Nf3 Nc6 3. Nc3 Nf6 4. Bb5 Bb4 5. O-O O-O 6. d3 d6 7. Ne2 Ne7 8. c3 Ba5 9. Ng3 Ng6 10. d4 c6 11. Bd3 Re8 12. h3 Bb6 13. Re1 Be6 14. Be3 h6 15. Qd2 Qc7 16. a3 Rad8 17. c4 exd4 18. Nxd4 Ne5 19. Nxe6 Rxe6 20. Rac1 Rde8 21. Bb1 Bxe3 22. Rxe3 Ng6 23. Rd1 d5 24. cxd5 cxd5 25. Rc3 Qf4 26. Ba2 Nxe4 27. Nxe4 Rxe4 28. Bxd5 Re2 29. Qxf4 Nxf4 30. Bxb7 Rxb2 1/2-1/2

[Event "European Women-ch 2023"]
[Site "Petrovac"]
[Date "2023.03.22"]
[Round "5.9"]
[White "Manova, Ivana"]
[Black "Spalir, Monika"]
[Result "0-1"]
[WhiteElo "1923"]
[BlackElo "2125"]
[Annotator "TA"]
[PlyCount "104"]
[EventDate "2023.03.15"]
[EventType "swiss"]
[EventCountry "MNE"]
[SourceTitle "playchess.com"]
[Source "ChessBase"]
[SourceQuality "1"]

1. e4 c5 2. Nf3 d6 3. Bb5+ Bd7 4. Bxd7+ Qxd7 5. O-O Nf6 6. Re1 Nc6 7. c3 e6 8. d4 cxd4 9. cxd4 d5 10. e5 Ne4 11. Nbd2 Nxd2 12. Bxd2 Be7 13. Rc1 O-O 14. a3 Rac8 15. b4 b5 16. Bg5 Bxg5 17. Nxg5 h6 18. Nf3 Nb8 19. Qd3 Rxc1 20. Rxc1 Rc8 21. Rc3 Rxc3 22. Qxc3 Qc6 23. Qc5 Qb7 24. g3 Qd7 25. Nd2 Na6 26. Qc3 Nc7 27. Nb3 Na8 28. Na5 Nb6 29. Qc6 Qxc6 30. Nxc6 a6 31. Nb8 Nc4 32. Nxa6 Nxa3 33. f4 Nc2 34. Kf2 Nxd4 35. Ke3 Nc6 36. g4 g5 37. fxg5 hxg5 38. h3 Kf8 39. Nc7 Nxb4 40. Nxb5 Nc6 41. h4 gxh4 42. Kf4 Nxe5 43. g5 Ng6+ 44. Kg4 e5 45. Nc3 d4 46. Ne4 Ke7 47. Nd2 Ke6 48. Nf3 d3 49. Nd2 Kd5 50. Kf3 h3 51. Nf1 Kd4 52. Kg3 e4 0-1

[Event "European Women-ch 2023"]
[Site "Petrovac"]
[Date "2023.03.22"]
[Round "5.10"]
[White "Cyfka, Karina"]
[Black "Olde, Margareth"]
[Result "1/2-1/2"]
[WhiteElo "2350"]
[BlackElo "2234"]
[Annotator "TA"]
[PlyCount "95"]
[EventDate "2023.03.15"]
[EventType "swiss"]
[EventCountry "MNE"]
[SourceTitle "playchess.com"]
[Source "ChessBase"]
[SourceQuality "1"]

1. d4 d5 2. c4 e6 3. Nc3 a6 4. cxd5 exd5 5. Bf4 Nf6 6. e3 c5 7. Bd3 Nc6 8. Nge2 c4 9. Bc2 b5 10. a3 h6 11. O-O Bd6 12. e4 dxe4 13. d5 Ne5 14. Bxe4 O-O 15. f3 Ng6 16. Bxd6 Qxd6 17. Ng3 Qc5+ 18. Kh1 Bb7 19. Qd2 Rad8 20. Rad1 Rfe8 21. Qd4 Qxd4 22. Rxd4 Ne5 23. Rfd1 g6 24. Kg1 Rd6 25. Bc2 Nfd7 26. h3 f5 27. f4 Nf7 28. Nf1 Nb6 29. g4 Bc8 30. gxf5 gxf5 31. Kf2 Rg6 32. d6 Rd8 33. d7 Rxd7 34. Rxd7 Bxd7 35. Ng3 Nd6 36. Nd5 Nxd5 37. Rxd5 Rf6 38. Nh5 Rg6 39. Ng3 Kf7 40. Rc5 Rf6 41. Nh5 Rg6 42. Ng3 Ke7 43. Re5+ Kd8 44. Rd5 Rf6 45. Nh5 Re6 46. Ng3 Rf6 47. Nh5 Re6 48. Ng3 1/2-1/2

[Event "European Women-ch 2023"]
[Site "Petrovac"]
[Date "2023.03.22"]
[Round "5.10"]
[White "Zhukova, Natalia"]
[Black "Buksa, Nataliya"]
[Result "1/2-1/2"]
[WhiteElo "2322"]
[BlackElo "2405"]
[Annotator "TA"]
[PlyCount "67"]
[EventDate "2023.03.15"]
[EventType "swiss"]
[EventCountry "MNE"]
[SourceTitle "playchess.com"]
[Source "ChessBase"]
[SourceQuality "1"]

1. d4 d5 2. c4 e6 3. Nc3 Nf6 4. Bg5 Nbd7 5. e3 h6 6. Bh4 c6 7. cxd5 exd5 8. Bd3 g5 9. Bg3 Qe7 10. h4 Bg7 11. hxg5 hxg5 12. Rxh8+ Bxh8 13. Nh3 g4 14. Nf4 Nf8 15. Qc2 Ne6 16. Nxe6 Bxe6 17. Be5 Bg7 18. O-O-O Nh5 19. Rh1 Bxe5 20. Rxh5 Bf6 21. g3 O-O-O 22. Bf5 Kd7 23. Ne2 Qb4 24. Kd1 Rh8 25. Rxh8 Bxh8 26. Nf4 Bxf5 27. Qxf5+ Ke7 28. Qh7 Bf6 29. Ng6+ Ke6 30. Nf4+ Ke7 31. Ng6+ Ke6 32. Nf4+ Ke7 33. Ng6+ Ke6 34. Nf4+ 1/2-1/2

[Event "European Women-ch 2023"]
[Site "Petrovac"]
[Date "2023.03.22"]
[Round "5.10"]
[White "Allahverdiyeva, Ayan"]
[Black "Tsotsonava, Elene"]
[Result "1/2-1/2"]
[WhiteElo "2124"]
[BlackElo "2030"]
[Annotator "TA"]
[PlyCount "121"]
[EventDate "2023.03.15"]
[EventType "swiss"]
[EventCountry "MNE"]
[SourceTitle "playchess.com"]
[Source "ChessBase"]
[SourceQuality "1"]

1. e4 c5 2. Nf3 Nc6 3. Bb5 Qb6 4. Nc3 e6 5. O-O Nge7 6. Re1 Ng6 7. Bf1 Be7 8. g3 a6 9. d3 O-O 10. Bg2 Qc7 11. h4 d6 12. Nh2 Nge5 13. Ne2 b5 14. Nf4 Bb7 15. c3 Qb6 16. Be3 a5 17. b3 b4 18. d4 Ng6 19. Ne2 Rfd8 20. h5 Nf8 21. d5 Nb8 22. Ng4 exd5 23. exd5 Bc8 24. Bf3 Bf5 25. Qd2 Nbd7 26. Nd4 Bxg4 27. Bxg4 Ne5 28. Nf5 Bf6 29. Bg5 bxc3 30. Qf4 Nd3 31. Qe3 Re8 32. Qxd3 Bxg5 33. Qxc3 Bf6 34. Nh6+ Kh8 35. Nxf7+ Kg8 36. Nh6+ Kh8 37. Qf3 Bxa1 38. Rxe8 Rxe8 39. Qf7 gxh6 40. Qxe8 Bg7 41. Be6 Qa7 42. a4 c4 43. bxc4 Qd4 44. Qf7 Nxe6 45. dxe6 Qf6 46. Qxf6 Bxf6 47. Kg2 Kg7 48. Kf3 Bd4 49. Ke4 Bxf2 50. Kd5 Bxg3 51. Kc6 Kf8 52. Kd7 Bh4 53. Kxd6 Ke8 54. c5 Kd8 55. Kc6 Be7 56. Kb6 Kc8 57. Kxa5 Bxc5 58. Kb5 Be3 59. Kc6 Kd8 60. Kd5 Ke7 61. Ke4 1/2-1/2

[Event "European Women-ch 2023"]
[Site "Petrovac"]
[Date "2023.03.22"]
[Round "5.11"]
[White "Narva, Mai"]
[Black "Lazarne Vajda, Szidonia"]
[Result "1-0"]
[WhiteElo "2389"]
[BlackElo "2294"]
[Annotator "TA"]
[PlyCount "67"]
[EventDate "2023.03.15"]
[EventType "swiss"]
[EventCountry "MNE"]
[SourceTitle "playchess.com"]
[Source "ChessBase"]
[SourceQuality "1"]

1. e4 c6 2. d4 d5 3. e5 Bf5 4. h4 h5 5. Bd3 Bxd3 6. Qxd3 Qa5+ 7. Nd2 e6 8. Ngf3 Qa6 9. c4 Nh6 10. b3 Nd7 11. O-O Be7 12. a4 Nf5 13. Ba3 Bxa3 14. Rxa3 c5 15. dxc5 Nxc5 16. Qc2 Qc6 17. cxd5 Qxd5 18. b4 Na6 19. Rb1 Rd8 20. Ne4 O-O 21. b5 Nb8 22. Rc3 b6 23. Qe2 Rd7 24. Rbc1 Rfd8 25. Neg5 Kf8 26. Kh2 a6 27. Rc8 axb5 28. axb5 Rxc8 29. Rxc8+ Rd8 30. Qc2 Ne7 31. Rxd8+ Qxd8 32. Qh7 Ng8 33. Nxf7 Kxf7 34. Ng5+ 1-0

[Event "European Women-ch 2023"]
[Site "Petrovac"]
[Date "2023.03.22"]
[Round "5.11"]
[White "Heinemann, Josefine"]
[Black "Chelushkina, Irina"]
[Result "1/2-1/2"]
[WhiteElo "2343"]
[BlackElo "2207"]
[Annotator "TA"]
[PlyCount "164"]
[EventDate "2023.03.15"]
[EventType "swiss"]
[EventCountry "MNE"]
[SourceTitle "playchess.com"]
[Source "ChessBase"]
[SourceQuality "1"]

1. e4 c5 2. Nf3 Nc6 3. Bb5 Nf6 4. Nc3 a6 5. Bxc6 dxc6 6. d3 Bg4 7. h3 Bxf3 8. Qxf3 e5 9. O-O Nd7 10. Qg3 Qf6 11. f4 Qg6 12. Qf2 f6 13. fxe5 fxe5 14. Be3 a5 15. Na4 b6 16. a3 Be7 17. Qd2 Rf8 18. Qc3 Qd6 19. Qb3 b5 20. Nc3 a4 21. Qa2 Qg6 22. b3 Rxf1+ 23. Rxf1 Qe6 24. Qb2 axb3 25. cxb3 Qd6 26. Rd1 Qb8 27. Ra1 Qd6 28. Rd1 Qb8 29. Qe2 Qd6 30. a4 bxa4 31. Nxa4 Rb8 32. Qc2 Qe6 33. Rb1 Rb5 34. Qc4 Nf8 35. Qxe6 Nxe6 36. Kf2 Bg5 37. Bxg5 Nxg5 38. Ke3 Ne6 39. Kd2 Nd4 40. Kc3 Kd7 41. Rb2 Kd6 42. Kc4 Rb4+ 43. Kc3 h5 44. h4 g6 45. g3 Nxb3 46. Rxb3 Rxa4 47. Rb7 c4 48. dxc4 Kc5 49. Kb3 Rxc4 50. Rg7 Rxe4 51. Rxg6 Kd5 52. Kc2 Re3 53. Kd2 Ra3 54. Rg5 c5 55. Rxh5 Rxg3 56. Rh8 Kd4 57. Rd8+ Ke4 58. Rc8 Rh3 59. Rxc5 Kd4 60. Ra5 Rh2+ 61. Ke1 e4 62. Ra3 Rxh4 63. Ke2 Rh2+ 64. Ke1 Ke5 65. Rb3 Kf4 66. Ra3 Rh1+ 67. Ke2 Rb1 68. Rc3 Rb2+ 69. Ke1 Ra2 70. Rb3 Ke5 71. Rc3 Kd4 72. Rb3 Rc2 73. Ra3 Rc3 74. Rxc3 Kxc3 75. Ke2 Kc4 76. Ke3 Kd5 77. Ke2 Kd4 78. Kd2 e3+ 79. Ke2 Ke4 80. Ke1 Kf3 81. Kf1 e2+ 82. Ke1 Ke3 1/2-1/2

[Event "European Women-ch 2023"]
[Site "Petrovac"]
[Date "2023.03.22"]
[Round "5.11"]
[White "Froewis, Annika"]
[Black "Bluebaum, Johanna"]
[Result "1-0"]
[WhiteElo "2123"]
[BlackElo "1954"]
[Annotator "TA"]
[PlyCount "85"]
[EventDate "2023.03.15"]
[EventType "swiss"]
[EventCountry "MNE"]
[SourceTitle "playchess.com"]
[Source "ChessBase"]
[SourceQuality "1"]

1. e4 e6 2. d4 d5 3. Nc3 Nf6 4. e5 Nfd7 5. f4 a6 6. Nf3 c5 7. Be3 Nc6 8. Qd2 b5 9. Bd3 c4 10. Be2 Nb6 11. a3 Be7 12. O-O f5 13. Nd1 Bd7 14. Kh1 g6 15. Qe1 Qc7 16. Bf2 h6 17. Be3 O-O-O 18. b3 Rdg8 19. a4 bxa4 20. bxc4 dxc4 21. d5 exd5 22. Qf2 Na8 23. Nc3 Nb4 24. Rfb1 Qa5 25. e6 Bb5 26. Bd4 Rh7 27. Ne1 Rd8 28. Bf3 g5 29. Bc5 Bc6 30. Bd4 g4 31. Bd1 a3 32. Ne2 Bb5 33. Ng3 Nc6 34. Nxf5 Nxd4 35. Nxd4 h5 36. Qe3 Bb4 37. Be2 a2 38. Rb2 Bxe1 39. Nxb5 Qb6 40. Qa3 axb5 41. e7 Re8 42. Qxa8+ Qb8 43. Qc6+ 1-0

[Event "European Women-ch 2023"]
[Site "Petrovac"]
[Date "2023.03.22"]
[Round "5.12"]
[White "Mkrtchyan, Mariam"]
[Black "Sandu, Mihaela"]
[Result "1-0"]
[WhiteElo "2343"]
[BlackElo "2211"]
[Annotator "TA"]
[PlyCount "79"]
[EventDate "2023.03.15"]
[EventType "swiss"]
[EventCountry "MNE"]
[SourceTitle "playchess.com"]
[Source "ChessBase"]
[SourceQuality "1"]

1. d4 Nf6 2. c4 e6 3. Nf3 Bb4+ 4. Nbd2 b6 5. a3 Bxd2+ 6. Bxd2 Bb7 7. e3 Ne4 8. Be2 d6 9. O-O O-O 10. Be1 f5 11. Nd2 Qg5 12. d5 Nd7 13. f4 Qe7 14. Nxe4 fxe4 15. dxe6 Qxe6 16. b4 Nf6 17. Bc3 c5 18. g4 g5 19. fxg5 Nd7 20. Rf5 Ne5 21. Bxe5 Rxf5 22. gxf5 Qxe5 23. Bg4 Rf8 24. Ra2 Qc3 25. Re2 Rd8 26. Qe1 Qxa3 27. g6 Rf8 28. Kg2 hxg6 29. fxg6 Rf6 30. Qh4 Rxg6 31. Rf2 Rg7 32. Qd8+ Kh7 33. Qh4+ Kg8 34. Rf5 Qb2+ 35. Kg3 Qd2 36. Qd8+ Kh7 37. Rh5+ Kg6 38. Qe8+ Rf7 39. Qg8+ Rg7 40. Qe6# 1-0

[Event "European Women-ch 2023"]
[Site "Petrovac"]
[Date "2023.03.22"]
[Round "5.12"]
[White "Zimina, Olga"]
[Black "Maltsevskaya, Aleksandra"]
[Result "1/2-1/2"]
[WhiteElo "2295"]
[BlackElo "2388"]
[Annotator "TA"]
[PlyCount "75"]
[EventDate "2023.03.15"]
[EventType "swiss"]
[EventCountry "MNE"]
[SourceTitle "playchess.com"]
[Source "ChessBase"]
[SourceQuality "1"]

1. d4 Nf6 2. Nf3 g6 3. Nbd2 Bg7 4. e4 O-O 5. Bd3 c5 6. c3 cxd4 7. cxd4 d6 8. O-O e5 9. dxe5 dxe5 10. Nc4 Nc6 11. Ncxe5 Nxe5 12. Nxe5 Re8 13. Nc4 b5 14. Ne3 a6 15. a4 bxa4 16. Rxa4 Bd7 17. Rxa6 Rxa6 18. Bxa6 Nxe4 19. Bc4 Bc6 20. Qxd8 Rxd8 21. Rd1 Rb8 22. f3 Nc5 23. Ng4 Ba4 24. Rd5 Ne6 25. Ra5 Bb3 26. Bxb3 Rxb3 27. Ra8+ Bf8 28. Bh6 f6 29. Bxf8 Nxf8 30. Ra7 Rb6 31. Nh6+ Kh8 32. Rf7 Ne6 33. Ng4 f5 34. Nf6 Ng5 35. Nd7 Rxb2 36. Re7 Rb7 37. h4 Ne6 38. Rxe6 1/2-1/2

[Event "European Women-ch 2023"]
[Site "Petrovac"]
[Date "2023.03.22"]
[Round "5.12"]
[White "Mayrhuber, Nikola"]
[Black "Silva, Ana Ines Teixeira Da"]
[Result "0-1"]
[WhiteElo "2162"]
[BlackElo "1792"]
[Annotator "TA"]
[PlyCount "104"]
[EventDate "2023.03.15"]
[EventType "swiss"]
[EventCountry "MNE"]
[SourceTitle "playchess.com"]
[Source "ChessBase"]
[SourceQuality "1"]

1. d4 d5 2. c4 e6 3. Nc3 Nf6 4. cxd5 exd5 5. Bg5 c6 6. e3 h6 7. Bh4 Be7 8. Bd3 O-O 9. Nge2 Re8 10. O-O Nbd7 11. f3 b5 12. Rc1 a5 13. Bf2 Ba6 14. Ng3 Bd6 15. Nf5 Bf8 16. Kh1 a4 17. b3 Nb6 18. Ne2 Bb7 19. Nf4 axb3 20. axb3 Ra3 21. Bb1 b4 22. Qc2 Nbd7 23. Rfe1 g6 24. Ng3 c5 25. e4 dxe4 26. dxc5 Qb8 27. Qd2 Qa8 28. Qxb4 exf3 29. Rxe8 fxg2+ 30. Kg1 Nxe8 31. Bxg6 fxg6 32. Qc4+ Kg7 33. Ne6+ Kh7 34. Qd3 Nef6 35. Nh5 Be4 36. Nxf6+ Nxf6 37. Qd4 Bg7 38. Nxg7 Kxg7 39. Qe5 Qd5 40. Qc7+ Qf7 41. Qd8 Ra8 42. Qd6 Rf8 43. Bd4 Kh7 44. Qf4 Nd5 45. Qxf7+ Rxf7 46. Re1 Bf3 47. Be5 Nf4 48. Bxf4 Rxf4 49. h3 Bd5 50. Rc1 Rf1+ 51. Rxf1 gxf1=Q+ 52. Kxf1 Bxb3 0-1

[Event "European Women-ch 2023"]
[Site "Petrovac"]
[Date "2023.03.22"]
[Round "5.13"]
[White "Radeva, Viktoria"]
[Black "Guichard, Pauline"]
[Result "1/2-1/2"]
[WhiteElo "2247"]
[BlackElo "2379"]
[Annotator "TA"]
[PlyCount "52"]
[EventDate "2023.03.15"]
[EventType "swiss"]
[EventCountry "MNE"]
[SourceTitle "playchess.com"]
[Source "ChessBase"]
[SourceQuality "1"]

1. e4 e5 2. Nf3 Nc6 3. Nc3 Nf6 4. d4 exd4 5. Nxd4 Nxe4 6. Nxe4 Qe7 7. Bd3 Nxd4 8. O-O d5 9. Bc4 Nf3+ 10. Qxf3 Qxe4 11. Bxd5 Qxf3 12. Bxf3 Be7 13. Re1 c6 14. Bg5 Be6 15. Bxe7 Kxe7 16. Bg4 Rad8 17. Bxe6 fxe6 18. Re2 Rhf8 19. Rae1 Rd6 20. f3 Rf5 21. b3 b5 22. Kf2 a5 23. Re4 Rfd5 24. R1e2 Rd2 25. Rxe6+ Rxe6 26. Rxd2 Rf6 1/2-1/2

[Event "European Women-ch 2023"]
[Site "Petrovac"]
[Date "2023.03.22"]
[Round "5.13"]
[White "Koridze, Lile"]
[Black "Zawadzka, Jolanta"]
[Result "0-1"]
[WhiteElo "2122"]
[BlackElo "2391"]
[Annotator "TA"]
[PlyCount "81"]
[EventDate "2023.03.15"]
[EventType "swiss"]
[EventCountry "MNE"]
[SourceTitle "playchess.com"]
[Source "ChessBase"]
[SourceQuality "1"]

1. d4 d5 2. c4 Nc6 3. e3 Nf6 4. Nc3 dxc4 5. Bxc4 e5 6. Nge2 Bd6 7. h3 O-O 8. O-O a6 9. d5 Ne7 10. e4 Nh5 11. a3 Ng6 12. Ng3 Nhf4 13. Nf5 b5 14. Bb3 Qf6 15. Bc2 Ne7 16. Bxf4 exf4 17. Nxd6 cxd6 18. e5 Qxe5 19. Re1 Qf6 20. Ne4 Qh6 21. Qf3 Nf5 22. Qd3 Bd7 23. Nc3 Nh4 24. Bd1 Bf5 25. Qf1 Qg6 26. Kh2 Rae8 27. g3 Bd3 28. Qg1 fxg3+ 29. fxg3 Nf5 30. Bf3 h5 31. Qf2 h4 32. g4 Ng3 33. Rxe8 Rxe8 34. Re1 Rxe1 35. Qxe1 Qf6 36. Kg2 Bf1+ 37. Kf2 Bxh3 38. Qe8+ Kh7 39. Ke3 Qg5+ 40. Kd3 Bxg4 41. Kd4 0-1

[Event "European Women-ch 2023"]
[Site "Petrovac"]
[Date "2023.03.22"]
[Round "5.13"]
[White "Bakalarz, Grazyna"]
[Black "Pavlidou, Ekaterini"]
[Result "0-1"]
[WhiteElo "1847"]
[BlackElo "2178"]
[Annotator "TA"]
[PlyCount "66"]
[EventDate "2023.03.15"]
[EventType "swiss"]
[EventCountry "MNE"]
[SourceTitle "playchess.com"]
[Source "ChessBase"]
[SourceQuality "1"]

1. e4 c5 2. c3 g6 3. d4 cxd4 4. cxd4 d5 5. e5 Bg7 6. Nc3 a6 7. Qb3 Nc6 8. Nf3 e6 9. Be2 Nge7 10. Bg5 h6 11. Bxe7 Qxe7 12. Qb6 O-O 13. O-O f6 14. exf6 Bxf6 15. Rad1 Qg7 16. Na4 g5 17. h3 h5 18. Rd3 g4 19. hxg4 hxg4 20. Ne5 Nxe5 21. dxe5 Bxe5 22. Qb4 Rf4 23. Qb3 Bd7 24. Nb6 Raf8 25. Nxd5 exd5 26. Qxd5+ R8f7 27. Qxb7 Bd4 28. Qa8+ Kh7 29. Rb3 Rxf2 30. Rxf2 Bxf2+ 31. Kf1 Bg3+ 32. Kg1 Qd4+ 33. Kh1 Qd1+ 0-1

[Event "European Women-ch 2023"]
[Site "Petrovac"]
[Date "2023.03.22"]
[Round "5.14"]
[White "Melia, Salome"]
[Black "Ivekovic, Tihana"]
[Result "1-0"]
[WhiteElo "2366"]
[BlackElo "2132"]
[Annotator "TA"]
[PlyCount "77"]
[EventDate "2023.03.15"]
[EventType "swiss"]
[EventCountry "MNE"]
[SourceTitle "playchess.com"]
[Source "ChessBase"]
[SourceQuality "1"]

1. e4 e6 2. d4 d5 3. Bd3 dxe4 4. Bxe4 Nf6 5. Bf3 Bd6 6. Ne2 Nbd7 7. Nbc3 e5 8. Bg5 O-O 9. O-O Re8 10. Ng3 h6 11. Be3 Nf8 12. Nge4 Ng6 13. Nxd6 cxd6 14. dxe5 dxe5 15. Qxd8 Rxd8 16. Rfd1 Rxd1+ 17. Rxd1 Bf5 18. Rd2 e4 19. Be2 b6 20. h3 Ne5 21. Nd5 Nxd5 22. Rxd5 f6 23. Ba6 Be6 24. Rd4 f5 25. a3 Kf7 26. c4 Ke7 27. b4 Nc6 28. Rd1 g5 29. b5 Bxc4 30. bxc6 Bxa6 31. Rd7+ Ke6 32. Rh7 Kd5 33. Rxh6 Rc8 34. Bxg5 Rxc6 35. Rh7 Rc3 36. Rxa7 Rxa3 37. h4 b5 38. h5 b4 39. h6 1-0

[Event "European Women-ch 2023"]
[Site "Petrovac"]
[Date "2023.03.22"]
[Round "5.14"]
[White "Gajcin, Marina"]
[Black "Garifullina, Leya"]
[Result "1/2-1/2"]
[WhiteElo "2215"]
[BlackElo "2372"]
[Annotator "TA"]
[PlyCount "95"]
[EventDate "2023.03.15"]
[EventType "swiss"]
[EventCountry "MNE"]
[SourceTitle "playchess.com"]
[Source "ChessBase"]
[SourceQuality "1"]

1. e4 c5 2. Nf3 d6 3. Bb5+ Nd7 4. d4 cxd4 5. Qxd4 a6 6. Bxd7+ Bxd7 7. Nc3 e5 8. Qd3 Rc8 9. O-O h6 10. Nd2 Qc7 11. Rd1 Bg4 12. f3 Be6 13. Nf1 Nf6 14. Ne3 Be7 15. Bd2 O-O 16. Kh1 b5 17. a4 b4 18. Ncd5 Bxd5 19. exd5 a5 20. c3 bxc3 21. Bxc3 Nd7 22. Nf5 Rfe8 23. Qb5 Bf8 24. Bxa5 Qa7 25. Bc3 g6 26. Ng3 f5 27. a5 h5 28. Nf1 Nc5 29. b4 Qa6 30. Qxa6 Nxa6 31. Be1 Rb8 32. Rab1 Rb5 33. Ne3 Rc8 34. Rb2 Rcb8 35. Nc4 Be7 36. g3 Kf8 37. Rdb1 Ke8 38. Na3 Rxd5 39. b5 Nc7 40. a6 Ra8 41. Bf2 Nxa6 42. Nc4 Bd8 43. bxa6 Rxa6 44. Rb7 Rc6 45. Nb6 Rd2 46. Be3 Re2 47. Nd5 Rcc2 48. Kg1 1/2-1/2

[Event "European Women-ch 2023"]
[Site "Petrovac"]
[Date "2023.03.22"]
[Round "5.14"]
[White "Mashchenko, Tamila"]
[Black "Hrescak, Ivana"]
[Result "0-1"]
[WhiteElo "1956"]
[BlackElo "2127"]
[Annotator "TA"]
[PlyCount "90"]
[EventDate "2023.03.15"]
[EventType "swiss"]
[EventCountry "MNE"]
[SourceTitle "playchess.com"]
[Source "ChessBase"]
[SourceQuality "1"]

1. d4 d5 2. c4 e6 3. Nc3 Nf6 4. cxd5 exd5 5. Bg5 Be6 6. e3 a6 7. Bd3 Bd6 8. Nge2 h6 9. Bh4 c6 10. Qc2 Nbd7 11. h3 Nb6 12. Bf5 Qe7 13. g4 Nc4 14. O-O-O O-O-O 15. Bxe6+ Qxe6 16. Qf5 g5 17. Qxe6+ fxe6 18. Bg3 e5 19. dxe5 Bxe5 20. Bxe5 Nxe5 21. Nd4 Ne4 22. Rhf1 Nxc3 23. bxc3 Nc4 24. Nf5 h5 25. Rh1 hxg4 26. hxg4 Ne5 27. Rxh8 Rxh8 28. Rd4 Rh2 29. e4 Nf3 30. Rd3 dxe4 31. Nd6+ Kc7 32. Nxe4 Rh1+ 33. Rd1 Rh4 34. Rd3 Rxg4 35. Rxf3 Rxe4 36. Kb2 g4 37. Rg3 Rf4 38. Kb3 b5 39. Rg2 a5 40. Rh2 Kd6 41. Rh4 Ke5 42. Rh5+ Rf5 43. Rh4 Kf4 44. a4 Kf3 45. Rh2 Re5 0-1

[Event "European Women-ch 2023"]
[Site "Petrovac"]
[Date "2023.03.22"]
[Round "5.15"]
[White "Savina, Anastasia"]
[Black "Paasikangas, Johanna"]
[Result "1-0"]
[WhiteElo "2345"]
[BlackElo "2115"]
[Annotator "TA"]
[PlyCount "41"]
[EventDate "2023.03.15"]
[EventType "swiss"]
[EventCountry "MNE"]
[SourceTitle "playchess.com"]
[Source "ChessBase"]
[SourceQuality "1"]

1. d4 Nf6 2. c4 g6 3. Nc3 Bg7 4. e4 d6 5. Be2 O-O 6. h4 h5 7. Bg5 Nbd7 8. Qc2 c5 9. d5 Ne5 10. Nf3 Nxf3+ 11. gxf3 Nh7 12. Be3 a6 13. f4 f5 14. Rg1 Qe8 15. e5 dxe5 16. fxe5 b6 17. Bxh5 e6 18. Bxg6 Qd7 19. O-O-O Kh8 20. f4 Bh6 21. Qe2 1-0

[Event "European Women-ch 2023"]
[Site "Petrovac"]
[Date "2023.03.22"]
[Round "5.15"]
[White "Petrova, Irina"]
[Black "Ter-Avetisjana, Agnesa Stepania"]
[Result "1/2-1/2"]
[WhiteElo "2123"]
[BlackElo "1974"]
[Annotator "TA"]
[PlyCount "50"]
[EventDate "2023.03.15"]
[EventType "swiss"]
[EventCountry "MNE"]
[SourceTitle "playchess.com"]
[Source "ChessBase"]
[SourceQuality "1"]

1. e4 c6 2. d4 d5 3. Nc3 dxe4 4. Nxe4 Bf5 5. Ng3 Bg6 6. h4 h6 7. Nf3 e6 8. Ne5 Bh7 9. Bd3 Bxd3 10. Qxd3 Nf6 11. Bd2 Nbd7 12. f4 c5 13. O-O-O Be7 14. Ne4 O-O 15. g4 Nxe5 16. Nxf6+ Bxf6 17. fxe5 Bxh4 18. Qe4 cxd4 19. Bb4 Bg5+ 20. Kb1 Re8 21. Rxd4 Qb6 22. Rf1 a5 23. Bd6 Rac8 24. Rd3 Qc6 25. Qe2 f6 1/2-1/2

[Event "European Women-ch 2023"]
[Site "Petrovac"]
[Date "2023.03.22"]
[Round "5.16"]
[White "Velikic, Adela"]
[Black "Dwilewicz, Katarzyna"]
[Result "0-1"]
[WhiteElo "2329"]
[BlackElo "2114"]
[Annotator "TA"]
[PlyCount "104"]
[EventDate "2023.03.15"]
[EventType "swiss"]
[EventCountry "MNE"]
[SourceTitle "playchess.com"]
[Source "ChessBase"]
[SourceQuality "1"]

1. d4 Nf6 2. c4 e6 3. Nc3 Bb4 4. f3 O-O 5. a3 Bxc3+ 6. bxc3 Nh5 7. Nh3 f5 8. e4 fxe4 9. Bg5 Nf6 10. fxe4 d6 11. Nf2 Qe8 12. Bd3 Qg6 13. Qd2 e5 14. c5 Nc6 15. cxd6 cxd6 16. O-O Bd7 17. Rae1 h6 18. Bh4 Nh5 19. Bc4+ Kh7 20. Nd1 Rf4 21. Rxf4 Nxf4 22. Bg3 Nh5 23. Bf2 Nf4 24. Be3 Rf8 25. Bxf4 exf4 26. Bd3 Kh8 27. Rf1 Qh5 28. Nb2 f3 29. Qe3 Bg4 30. Nc4 Rf6 31. Nd2 fxg2 32. Rxf6 gxf6 33. Kxg2 Ne7 34. Qg3 Ng6 35. Kf2 Qg5 36. Nc4 Nf4 37. Bf1 Ng6 38. Ne3 h5 39. Qxd6 Kg7 40. Qc7+ Kh6 41. Qg3 Qa5 42. Nc4 Qa4 43. Bd3 b5 44. Nd6 Qxa3 45. Qe3+ Kg7 46. Nxb5 Qb2+ 47. Kg3 Bd7 48. Qf2 Qc1 49. Qf1 Qe3+ 50. Qf3 h4+ 51. Kg2 h3+ 52. Kg3 Qg1+ 0-1

[Event "European Women-ch 2023"]
[Site "Petrovac"]
[Date "2023.03.22"]
[Round "5.16"]
[White "Vidic, Teja"]
[Black "Popovic, Mateja"]
[Result "1-0"]
[WhiteElo "2097"]
[BlackElo "1832"]
[Annotator "TA"]
[PlyCount "50"]
[EventDate "2023.03.15"]
[EventType "swiss"]
[EventCountry "MNE"]
[SourceTitle "playchess.com"]
[Source "ChessBase"]
[SourceQuality "1"]

1. e4 c5 2. Nf3 e6 3. d4 cxd4 4. Nxd4 Nc6 5. Nc3 Qc7 6. Be3 a6 7. Qf3 Nf6 8. O-O-O Rb8 9. Kb1 b5 10. Nxc6 dxc6 11. e5 Nd5 12. Nxd5 cxd5 13. h4 Bc5 14. h5 Bxe3 15. Qxe3 h6 16. g4 Bb7 17. Rg1 Rc8 18. Bd3 Qc5 19. Qf4 Qe7 20. g5 hxg5 21. Rxg5 f6 22. exf6 Qxf6 23. Qg4 d4 24. f4 Bd5 25. Rxd5 Qd8 1-0